KOHA-Header-6

Basic statistics For Business And Economics (Record no. 8843)

000 -LEADER
fixed length control field 00278nam a2200109Ia 4500
100 ## - MAIN ENTRY--AUTHOR NAME
Personal name Bowen, Earl
245 #0 - TITLE STATEMENT
Title Basic statistics For Business And Economics
260 ## - PUBLICATION, DISTRIBUTION, ETC. (IMPRINT)
Place of publication New Delhi
Name of publisher Viva Books
Year of publication 2001
300 ## - PHYSICAL DESCRIPTION
Number of Pages 143
942 ## - ADDED ENTRY ELEMENTS (KOHA)
Koha item type Books
Holdings
Withdrawn status Lost status Collection code Permanent Location Current Location Shelving location Date acquired Full call number Accession Number Koha item type
    Statistics MAJU MAJU Shelf No.A27 2019-09-14 621.15 3903 Statistics

Powered by Koha